Open Data Biblioteca Nacional de Portugal


República Portuguesa: Ministério da Cultura
Biblioteca Nacional de Portugal

Catálogo da BNP: acesso por Identificadores Unívocos
Registos Bibliográficos associados ao registo de autoridade

Etiqueta de registo: 00254nam 2200025 450
001 2209820
003 http://id.bnportugal.gov.pt/bib/catbnp/2209820
100 ## $a20250327d1968 m y0pory01030103ba
101 0# $apor
102 ## $aBR$aPT
105 ## $aa z 000yy
106 ## $ar
200 1# $aEnciclopédia geográfica.$hVol. II,$iBrasil$ftextos Odylo Costa Filho, Lúcia Maria Ruas Gaspar de Almeida
210 #9 $aSão Paulo ;$aLisboa$cVerbo,$d1968
215 ## $a1 v. $cil.$d29 cm
316 ## $aDedicatória da coautora$5PTBN: H.G. 89292 V.
317 ## $aBiblioteca Matilde Rosa Araújo$5PTBN: H.G. 89292 V.
675 ## $a913(81)(031)$vBN$zpor$32000027
700 #1 $aCosta Filho,$bOdylo,$f1914-1979$353375
701 #1 $aAlmeida,$bLúcia Maria Ruas Gaspar de$4080$31950230
801 #0 $aPT$bBN$gRPC
966 ## $lBN$mFGMON$pBiblioteca Matilde Rosa Araújo$sH.G. 89292 V.$x3
971 ## $cssilva$d20250327
973 ## $cigoulao$d20260603

OpendataBNP@bnportugal.pt | Mais informação sobre acesso aos dados BNP